LEADER 03838nam 2200517 450 001 996517751003316 005 20230730235948.0 010 $a9783031300356$b(electronic bk.) 010 $z9783031300349 024 7 $a10.1007/978-3-031-30035-6 035 $a(MiAaPQ)EBC7231638 035 $a(Au-PeEL)EBL7231638 035 $a(OCoLC)1374875844 035 $a(DE-He213)978-3-031-30035-6 035 $a(PPN)269092919 035 $a(EXLCZ)9926388087000041 100 $a20230730d2023 uy 0 101 0 $aeng 135 $aurcnu|||||||| 181 $ctxt$2rdacontent 182 $cc$2rdamedia 183 $acr$2rdacarrier 200 00$aEvolutionary computation in combinatorial optimization $e23rd European Conference, EvoCOP 2023, held as part of EvoStar 2023, Brno, Czech Republic, April 12-14, 2023, proceedings /$fedited by Leslie Pe?rez Ca?ceres and Thomas Stu?tzle 205 $a1st ed. 2023. 210 1$aCham, Switzerland :$cSpringer,$d[2023] 210 4$d©2023 215 $a1 online resource (258 pages) 225 1 $aLecture Notes in Computer Science,$x1611-3349 ;$v13987 311 08$aPrint version: Pérez Cáceres, Leslie Evolutionary Computation in Combinatorial Optimization Cham : Springer International Publishing AG,c2023 9783031300349 320 $aIncludes bibliographical references and index. 327 $aFairer comparisons for Travelling Salesman Problem solutions using Hash Functions -- Application of Adapt-CMSA to the Two-Echelon Electric Vehicle Routing Problem with Simultaneous Pickup and Deliveries -- Real-World Vehicle Routing using Adaptive Large Neighborhood Search -- A Multilevel Optimization Approach for Large Scale Battery Exchange Station Location Planning -- A memetic algorithm for deinterleaving pulse trains -- Application of Negative Learning Ant Colony Optimization to the Far From Most String Problem -- Monte Carlo Tree Search with Adaptive Simulation: a Case Study on Weighted Vertex Coloring -- Evolutionary Strategies for the Design of Binary Linear Codes -- A Policy-Based Learning Beam Search for Combinatorial Optimization -- Cooperative Coevolutionary Genetic Programming Hyper Heuristic for Budget Constrained Dynamic Multi-workflow Scheduling in Cloud Computing -- OneMax is not the Easiest Function for Fitness Improvements -- The Cost of Randomness in Evolutionary Algorithms: Crossover Can Save Random Bits -- Multi-objectivization Relaxes Multi-funnel Structures in Singleobjective NK-landscapes -- Decision/Objective Space Trajectory Networks for Multi-objective Combinatorial Optimisation -- On the e_ect of solution representation and neighborhood definition in AutoML Fitness Landscapes. 330 $aThis book constitutes the refereed proceedings of the 23rd European Conference on Evolutionary Computation in Combinatorial Optimization, EvoCOP 2023, held as part of Evo*2023, in Brno, Czech Republic in April 2023, co-located with the Evo*2023 events: EvoMUSART, EvoApplications, and EuroGP. The 15 revised full papers presented in this book were carefully reviewed and selected from 32 submissions. They present recent theoretical and experimental advances in combinatorial optimization, evolutionary algorithms, and related research fields. 410 0$aLecture Notes in Computer Science,$x1611-3349 ;$v13987 606 $aEvolutionary computation$vCongresses 606 $aEvolutionary programming (Computer science)$vCongresses 615 0$aEvolutionary computation 615 0$aEvolutionary programming (Computer science) 676 $a929.374 702 $aPe?rez Ca?ceres$b Leslie 702 $aStu?tzle$b Thomas 801 0$bMiAaPQ 801 1$bMiAaPQ 801 2$bMiAaPQ 912 $a996517751003316 996 $aEvolutionary Computation in Combinatorial Optimization$92824693 997 $aUNISA LEADER 07785nam 22007095 450 001 9910143596603321 005 20251116234142.0 010 $a3-540-44593-5 024 7 $a10.1007/3-540-44593-5 035 $a(CKB)1000000000211490 035 $a(SSID)ssj0000321751 035 $a(PQKBManifestationID)11231367 035 $a(PQKBTitleCode)TC0000321751 035 $a(PQKBWorkID)10280799 035 $a(PQKB)10963728 035 $a(DE-He213)978-3-540-44593-7 035 $a(MiAaPQ)EBC3071613 035 $a(PPN)155175971 035 $a(EXLCZ)991000000000211490 100 $a20121227d2001 u| 0 101 0 $aeng 135 $aurnn#008mamaa 181 $ctxt 182 $cc 183 $acr 200 10$aCase-Based Reasoning Research and Development $e4th International Conference on Case-Based Reasoning, ICCBR 2001 Vancouver, BC, Canada, July 30 - August 2, 2001 Proceedings /$fedited by David W. Aha, Ian Watson 205 $a1st ed. 2001. 210 1$aBerlin, Heidelberg :$cSpringer Berlin Heidelberg :$cImprint: Springer,$d2001. 215 $a1 online resource (XII, 764 p.) 225 1 $aLecture Notes in Artificial Intelligence ;$v2080 300 $aBibliographic Level Mode of Issuance: Monograph 311 08$a3-540-42358-3 320 $aIncludes bibliographical references and index. 327 $aInvited Papers -- Highlights of the European INRECA Projects -- The Synthesis of Expressive Music: A Challenging CBR Application -- Why Case-Based Reasoning is Attractive for Image Interpretation -- Research Papers -- Similarity Assessment for Relational CBR -- Acquiring Customer Preferences from Return-Set Selections -- The Role of Information Extraction for Textual CBR -- Case-Based Reasoning in Course Timetabling: An Attribute Graph Approach -- Ranking Algorithms for Costly Similarity Measures -- A Fuzzy-Rough Approach for Case Base Maintenance -- Learning and Applying Case-Based Adaptation Knowledge -- Case Representation Issues for Case-Based Reasoning from Ensemble Research -- A Declarative Similarity Framework for Knowledge Intensive CBR -- Classification Based Retrieval Using Formal Concept Analysis -- Conversational Case-Based Planning for Agent Team Coordination -- A Hybrid Approach for the Management of FAQ Documents in Latin Languages -- Taxonomic Conversational Case-Based Reasoning -- A Case-Based Reasoning View of Automated Collaborative Filtering -- A Case-Based Approach to Tailoring Software Processes -- The Conflict Graph for Maintaining Case?Based Reasoning Systems -- Issues on the Effective Use of CBR Technology for Software Project Prediction -- Incremental Case-Based Plan Recognition Using State Indices -- A Similarity-Based Approach to Attribute Selection in User-Adaptive Sales Dialogs -- When Two Case Bases Are Better than One: Exploiting Multiple Case Bases -- COBRA: a CBR-Based Approach for Predicting Users Actions in a Web Site -- Similarity vs. Diversity -- Collaborative Case-Based Reasoning: Applications in Personalised Route Planning -- Helping a CBR Program Know What It Knows -- Precision and Recall in Interactive Case-Based Reasoning -- Meta-Case-Based Reasoning: Using Functional Models to Adapt Case-Based Agents -- Exploiting Interchangeabilities for Case Adaptation -- Ensemble Case-Based Reasoning: Collaboration Policies for Multiagent Cooperative CBR -- MaMa: A Maintenance Manual for Case?Based Reasoning Systems -- Rough Sets Reduction Techniques for Case-Based Reasoning -- sequential Instance-Based Learning for Planning in the Context of an Imperfect Information Game -- Learning Feature Weights from Case Order Feedback -- Adaptation by Applying Behavior Routines and Motion Strategies in Autonomous Navigation -- An Accurate Adaptation-Guided Similarity Metric for Case-Based Planning -- Releasing Memory Space Through a Case-Deletion Policy with a Lower Bound for Residual Competence -- Using Description Logics for Designing the Case Base in a Hybrid Approach for Diagnosis Integrating Model and Case-Based Reasoning -- Application Papers -- T-Air: A Case-Based Reasoning System for Designing Chemical Absorption Plants -- Benefits of Case-Based Reasoning in Color Matching -- CBR for Dimensional Management in a Manufacturing Plant -- Real-Time Creation of Frequently Asked Questions -- Managing Diagnostic Knowledge in Text Cases -- Emerging Applications -- CBR Adaptation for Chemical Formulation -- A Case-Based Reasoning Approach for Due-Date Assignment in a Wafer Fabrication Factory -- DubLet: An Online CBR System for Rental Property Recommendation -- Improved Performance Support through an Integrated Task-Based Video Case Library -- Transforming Electronic Mail Folders into Case Bases -- Case-Based Reasoning in the Care of Alzheimer?s Disease Patients -- Prototype of an Intelligent Failure Analysis System -- Applying CBR and Object Database Techniques in Chemical Process Design -- Mining High-Quality Cases for Hypertext Prediction and Prefetching. 330 $aThe 2001 International Conference on Case-Based Reasoning (ICCBR 2001, www.iccbr.org/iccbr01), the fourth in the biennial ICCBR series (1995 in Sesimbra, Portugal; 1997 in Providence, Rhode Island (USA); 1999 in Seeon, Germany), was held during 30 July ? 2 August 2001 in Vancouver, Canada. ICCBR is the premier international forum for researchers and practitioners of case based reasoning (CBR). The objectives of this meeting were to nurture significant, relevant advances made in this field (both in research and application), communicate them among all attendees, inspire future advances, and continue to support the vision that CBR is a valuable process in many research disciplines, both computational and otherwise. ICCBR 2001 was the first ICCBR meeting held on the Pacific coast, and we used the setting of beautiful Vancouver as an opportunity to enhance participation from the Pacific Rim communities, which contributed 28% of the submissions. During this meeting, we were fortunate to host invited talks by Ralph Bergmann, Ken Forbus, Jaiwei Han, Ramon López de Mántaras, and Manuela Veloso. Their contributions ensured a stimulating meeting; we thank them all. 410 0$aLecture Notes in Artificial Intelligence ;$v2080 606 $aArtificial intelligence 606 $aLogic, Symbolic and mathematical 606 $aProgramming languages (Electronic computers) 606 $aInformation technology 606 $aBusiness?Data processing 606 $aArtificial Intelligence$3https://scigraph.springernature.com/ontologies/product-market-codes/I21000 606 $aMathematical Logic and Formal Languages$3https://scigraph.springernature.com/ontologies/product-market-codes/I16048 606 $aProgramming Languages, Compilers, Interpreters$3https://scigraph.springernature.com/ontologies/product-market-codes/I14037 606 $aIT in Business$3https://scigraph.springernature.com/ontologies/product-market-codes/522000 615 0$aArtificial intelligence. 615 0$aLogic, Symbolic and mathematical. 615 0$aProgramming languages (Electronic computers) 615 0$aInformation technology. 615 0$aBusiness?Data processing. 615 14$aArtificial Intelligence. 615 24$aMathematical Logic and Formal Languages. 615 24$aProgramming Languages, Compilers, Interpreters. 615 24$aIT in Business. 676 $a006.3/33 702 $aAha$b David W.$4edt$4http://id.loc.gov/vocabulary/relators/edt 702 $aWatson$b Ian$4edt$4http://id.loc.gov/vocabulary/relators/edt 712 12$aInternational Conference on Case-Based Reasoning. 906 $aBOOK 912 $a9910143596603321 996 $aCase-Based Reasoning Research and Development$9771966 997 $aUNINA